000 00827cam a22002892i 4500
001 .b19155840
003 YEEZEN
005 20250729142816.0
008 241105s2024 ch e 000 0 chi d
020 _a9786267520390
_q(平裝) :
_cNT$420
040 _aCIP
_bchi
_dNTOU
_cCIP
042 _anbic
082 _a733.9/127.69
090 _a733.9/127.69
100 1 _a陳貴芳
245 1 0 _a台南老店散步 :
_b回味本町摩登老時光 /
_c陳貴芳(鱷魚)文.圖
246 3 0 _a臺南老店散步
246 3 0 _a回味本町摩登老時光
250 _a二版
260 _a臺北市 :
_b馬可孛羅文化,
_c2024.12
300 _a153面 :
_b彩圖 ;
_c22公分
490 1 _a旅人之星 ;
_vMS1051X.
650 1 7 _2lcstt
_a遊記
650 1 7 _2lcstt
_a商店
651 7 _2lcstt
_a臺南市
942 _2ccl
_cBOOK
999 _c7667
_d7667